000 00780nam a2200205 a 4500
005 20240524063651.0
008 991125m19941995mx 000 0 spa u
020 _a9682974011 (Obra general)
035 _aUPN01000041044
049 _aCG
050 4 _aLB1578.353 H6.1
_bT7.6
100 1 _aTrejo González, María Luisa
_939017
245 1 0 _aÑhó dega ñhóñhó de Maxei :
_blengua hñahñu de Tolimán, Querétaro : primer ciclo /
_cMa. Luisa Trejo González.
260 _aMéxico :
_bSEP, Comisión Nacional de los Libros de Texto Gratuitos,
_cc1994-1995.
300 _a2 v. :
_bil. col.
650 4 _aCartilla hñahñu
_97969
650 4 _aIndígenas de México
_zQuerétaro
_xLenguas
_924939
650 4 _aHñahñu
_xEstudio y enseñanza (Elemental)
_920468
905 _aLibro
999 _c41044
_d41044